000 00613cam a2200217 a 4500
001 3350977
005 20180215073911.0
008 860430s1986 enka b 011 0 eng
010 _a 86011756
020 _a0521327040
040 _aDLC
_cDLC
_dDLC
041 _aeng
080 _a330 HEL
082 0 0 _a330 HEL
_219
100 _a52
101 _aEKO
245 0 0 _aUncertainty, information, and communication /
_cedited by Walter P. Heller, Ross M. Starr, David A. Starrett.
504 _aIncludes bibliographies and index.
906 _a7
_bcbc
_corignew
_d1
_eocip
_f19
_gy-gencatlg
942 _2ddc
_cBK
999 _c42672
_d42672